00497cam a22001572 4500001001100000005001700011008004100028020001700069040001500086100003200101245008900133250001200222260005300234300001000287650004200297000001990420151021151135.0110310s xx 000 0 eng d a9966717242 : aKABUcKABU1 aHepworth, Nick.@000017989110aClimate change vulnerability and adaptation preparedness in Uganda /cNick Hepworth. a1st ed. aNairobi, Kenya :bHeinrich Boll Stiftung,c2010. a64 p. 0aClimatic changeszUganda.@0000179892